000 00817nam a22002537a 4500
001 60575
003 UA-OsUOA
005 20220125113127.0
007 ta
008 20090527b un ||||| |||| 00| 0 ukr d
020 _a966779122Х
040 _aUA-OsUOA
_bukr
_cUA-OsUOA
_dUA-OsUOA
041 _aukr
080 _a340(082)
090 _a340(082)
_bА72
245 _aАнтологія української юридичної думки
_cза ред. Ю. С. Шемшученка
260 _aК.
_bЮридична книга
_c2004
300 _a848 с.
505 _gТ. 9
650 7 _a340 Право в цілому. Пропедевтика. Методи та допоміжні правничі науки
_2UDC
700 1 _aШемшученко Ю. С.
_eред.
942 _cBK
_2udc
955 _a1
999 _c346837
_d346837